Pluralism in Malaysia, myth and rality (Record no. 196426)
[ view plain ]
| 000 -LEADER | |
|---|---|
| fixed length control field | 00734nam a2200241Ia 4500 |
| 003 - CONTROL NUMBER IDENTIFIER | |
| control field | OSt |
| 005 - DATE AND TIME OF LATEST TRANSACTION | |
| control field | 20220918192806.0 |
| 008 - FIXED-LENGTH DATA ELEMENTS--GENERAL INFORMATION | |
| fixed length control field | 220917b |||||||| |||| 00| 0 eng d |
| 037 ## - SOURCE OF ACQUISITION | |
| Terms of availability | Textual |
| 040 ## - CATALOGING SOURCE | |
| Original cataloging agency | ARTS |
| Transcribing agency | ARTS |
| Language of cataloging | eng |
| 041 ## - LANGUAGE CODE | |
| Source of code | eng |
| Language code of text/sound track or separate title | eng |
| 100 ## - MAIN ENTRY--PERSONAL NAME | |
| Personal name | Nagata Judiath A ed |
| 9 (RLIN) | 80195 |
| 245 #0 - TITLE STATEMENT | |
| Title | Pluralism in Malaysia, myth and rality |
| Remainder of title | a symposium on Singapore and Malaysia |
| 260 ## - PUBLICATION, DISTRIBUTION, ETC. | |
| Place of publication, distribution, etc. | Leiden |
| Name of publisher, distributor, etc. | E J Brill |
| Date of publication, distribution, etc. | 1975 |
| 300 ## - PHYSICAL DESCRIPTION | |
| Extent | 138p. |
| Dimensions | cm. |
| 490 ## - SERIES STATEMENT | |
| Volume/sequential designation | V7 |
| Series statement | Contributions to Asian studies ed by Ishwaran; 7 |
| 942 ## - ADDED ENTRY ELEMENTS (KOHA) | |
| Classification part | R355.43591.N7, L5 |
| Koha item type | Textual |
| Source of classification or shelving scheme | Colon Classification (CC) |
| Withdrawn status | Lost status | Damaged status | Not for loan | Home library | Current library | Date acquired | Serial Enumeration / chronology | Total Checkouts | Full call number | Barcode | Date last seen | Price effective from | Koha item type |
|---|---|---|---|---|---|---|---|---|---|---|---|---|---|
| Arts Library | Arts Library | 2022-09-18 | V7 | R355.43591.N7 L5 | AL0314467 | 2022-09-18 | 2022-09-18 | Textual |
